Revision of Cuphea Section Diploptychia (Lythraceae) /

Bibliographic Details
Main Author: Graham, Shirley A.
Format: Book
Language:English
Published: Ann Arbor, Mich. : American Society of Plant Taxonomists, [1998]
Series:Systematic botany monographs. v. 53.
Subjects:

MARC

Tag First Indicator Second Indicator Subfields
LEADER 00000cam a2200000 a 4500
001 in00001404577
005 20151020062023.0
008 980204s1998 miuab b 001 0 eng d
019 |a 38546752 
020 |a 0912861533 
035 |a (OCoLC)38315954 
035 |9 AHP0537AM 
040 |a LHL  |c LHL  |d GZM  |d CAW  |d AGL  |d TXA  |d UtOrBLW 
043 |a cl----- 
049 |a TXAM 
070 0 |a QK95.S99  |b v.53 
072 0 |a F700 
090 |a QK495.L9  |b G8 1998 
100 1 |a Graham, Shirley A. 
245 1 0 |a Revision of Cuphea Section Diploptychia (Lythraceae) /  |c Shirley A. Graham. 
264 1 |a Ann Arbor, Mich. :  |b American Society of Plant Taxonomists,  |c [1998] 
264 4 |c ©1998 
300 |a 96 pages :  |b illustrations, maps ;  |c 26 cm. 
336 |a text  |b txt  |2 rdacontent 
337 |a unmediated  |b n  |2 rdamedia 
338 |a volume  |b nc  |2 rdacarrier 
490 1 |a Systematic botany monographs,  |x 0737-8211 ;  |v v. 53 
500 |a "12 January 1998." 
504 |a Includes bibliographical references and index. 
650 0 |a Cuphea  |x Classification. 
650 0 |a Lythraceae  |x Classification. 
650 0 |a Botany  |z America. 
830 0 |a Systematic botany monographs.  |x 0737-8211 ;  |v v. 53. 
948 |a c:blr 
999 |a MARS 
999 f f |s 56e97604-22e7-3ecc-9d32-f92380d7e57c  |i 042287e2-5c57-3ea8-94cc-83ff7367520c  |t 0 
952 f f |p ric  |a Texas A&M University  |b Rellis Campus  |c Joint Library Facility  |d Remote Storage  |t 0  |e QK495.L9 G8 1998  |h Library of Congress classification  |i unmediated -- volume  |m A14822399498 
998 f f |a QK495.L9 G8 1998  |t 0  |l Remote Storage